MDQL
is popping MORE tags! Check the
thread
!
Quizzes
Events
Quiz Creation
Community
Videos
Private Events
Remove Ads
Sign In
Join for FREE
Feedback
Dark Mode
Quiz Categories
Sports
Geography
Music
Movies
Television
Just For Fun
Miscellaneous
History
Literature
Language
Science
Gaming
Entertainment
Religion
Holiday
For Kids
Quiz Lab
Recent
Popular Today
Quiz Kudos Today
Editor Picks
Curator Picks
Quizzes by...
Day
Popularity
Type
Ratings
Length
Year
Community
Subscriptions
Recent Discussions
Orange Saloon
Badges
Playlists
Quests
Create
Leaderboards
Showdown
Live 5
Trivia Bingo
Activity
Puzzle Library
Sporcle Events
Private Events
Virtual Trivia
Globe League
Become a Host
Pub Owners
SporcleCon
Opinionation
Our Games
Videos
Blog
Mobile Apps
Partnerships
Remove Ads and Go Orange
Feedback
Science
Computer
Plants
Astronomy
Chemistry
Elements
Math
Animal
Physics
Anatomy
Biology
Geology
General Science
Science
Computer
Plants
Astronomy
Chemistry
Elements
Math
Animal
Physics
Anatomy
Biology
Geology
General Science
Random Quiz
Search Sporcle
×
Quiz Lab
Quiz Lab
Science
Clickable
Select answers by clicking on text or image buttons
Select answers by clicking on text or image buttons
Clickable
Best Score? Go Orange.
Evolution Final Exam-Part 4 Stats
Can you pick the Evolution Final Exam-Part 4?
By
chelsmye
10m
44 Questions
6 Plays
6 Plays
6 Plays
Comments
Comments
Give Quiz Kudos
Give Quiz Kudos
-
- Ratings
hide this ad
Forced Order
Answers have to be entered in order
Answers have to be entered in order
Replay
Link that replays current quiz
Next Quiz
Link to next quiz in quiz playlist
You Got
0%
They Got
Avg Score
75%
Avg Friend Score
Upgrade to see
Score Distribution
Jump to the score distribution portion of the page
Score
0/44
Timer
10:00
0
Plays Today
% Correct
Alpha Crystallins
100%
Evolution and Development (evo-devo)
83.3%
Homologs
83.3%
Cromatine
83.3%
Regulatory Networks
83.3%
Shh or Sonic Hedgehog Gene
83.3%
Bmp2 and Shh
83.3%
Rachis
83.3%
Human Eye
83.3%
Rhodopsin
83.3%
C-Opsins
83.3%
R-Opsins
83.3%
Serpentine Genes
83.3%
Crystallins
83.3%
Crystallins Clumping
83.3%
Biogeography
83.3%
Pre-Darwin
83.3%
Darwin
83.3%
Wallace
83.3%
Vicariance Biogeography
83.3%
Ancestral Range Reconstruction
83.3%
Geographic Area Hypothesis
83.3%
% Correct
Mid-Domain Effect Hypothesis
83.3%
Evolution Rates Hypothesis
83.3%
Evolutionary Time Hypothesis
83.3%
Ecological Environmental Niche Modelling
83.3%
Complex Adaptations
66.7%
Promiscuous Proteins
66.7%
Gene Recruitment
66.7%
Paralogs
66.7%
Orthologs
66.7%
Subfunctionalization
66.7%
Neofunctionalization
66.7%
Beta-Defensins
66.7%
Hox Genes
66.7%
Expression Enhancer
66.7%
Cis Regulatory Element
66.7%
Octopus Eye
66.7%
Opsin
66.7%
Disjunct Distributions
66.7%
Latitudinal Diversity Gradient
66.7%
Gene Duplication
50%
Homeotic Genes
50%
Recruited Genes
50%
Quiz Playlist
Details
Report
Send in Message
Add To Playlist
Clickable:
Select answers by clicking on text or image buttons
Forced Order:
Answers have to be entered in order
Last Updated: Feb 16, 2017
Quiz Scoreboard
CHALLENGE
Sign Up to Join the Scoreboard
Show All
Scores
Hide
Comments
May contain spoilers
Recently Published
Image Sorting: Flags VI
by Barbecue
Geography
2m
Find the 'City' Movie
by crazypaving
Movies
60s
Colored Red Africa Blitz
by spor1
Geography
45s
More to Explore
Quiz From the Vault
Featured Blog Post
14 Easter Pick-up Lines to Find Eggs With
hide this ad
You Might Also Like...
Tags
Clickable Quiz
Evolution
final
Today's Top Quizzes in Science
Browse Science
hide this ad
Today's Top Quizzes in Clickable
Browse Clickable
Top Contributed Quizzes in Science
1
Windmill: Elements
2
200 Vogels in Nederland
3
Square Numbers Scrambled (1-50)
4
Count to 60
5
Glycolysis
6
Elements In Images
7
17 TIMES TABLE
8
4-letter Elementary Words III
9
The First 100 Digits of Pi
10
Astronomy Spelling Bee
Explore More
Trending Topics
Marvel
Harry Potter
Anime
Crossword
NBA
Disney
Kpop
NFL
Soccer
Puzzle
Song
Country
Pokémon
WWE
The Office
hide this ad
More By:
chelsmye
Quiz
Plays
Rating
Category
Featured
Created
GRE Vocabulary Group 1
347
4.00
Language
Apr 12, 2013
Evolution Final Exam-Part 1
14
Science
Dec 14, 2012
Evolution Final Exam-Part 3
10
Science
Dec 16, 2012
Evolution Final Exam-Part 2
9
Science
Dec 16, 2012
Evolution Final Exam-Part 5
7
Science
Dec 18, 2012
Go to Creator's Profile
Score Distribution
Quiz Creator Spotlight
chelsmye
Follow
Send a Message
Quizzes Created
-
Created Quiz Play Count
-
More By This Creator
Popular Quizzes Today
1
Colored Red Africa Blitz
2
Find the US States - No Outlines Minefield
3
Find the 'City' Movie
4
5x2 Blitz: Bands
5
The Countries of the World
6
Find the US States
7
Find the Countries of Europe - No Outlines Minefield
8
US States
More Science Quizzes
Not Only... But Also: Antipodean Animals
Published
Trending Quizzes
Colored Red Europe Blitz I
Colored Red Europe Blitz II
Colored Red Africa Blitz II
Colored Red Europe Blitz III
Colored Red Africa Blitz III
Recently Updated
How Do You Spell That?
pecheneg
Godzilla Movies
pecheneg
Grab Bag: 4-10 Letters
pecheneg
2024 March Madness Bracket
pecheneg
Famous TV Couples
Peacemaker
Champions League XIs: Real Madrid
pecheneg
Largest US Cities 1790-2010
pecheneg
Rides in Walt Disney World
pecheneg
Most Oscar Losses (Acting)
pecheneg
Beyoncé Albums
pecheneg
Trending Topics
NBA
Marvel
Disney
Crossword
Kpop
Anime
Harry Potter
NFL
Song
Pokémon
Country
Soccer
The Office
Puzzle
WWE
Your Account Isn't Verified!
In order to create a playlist on Sporcle, you need to verify the email address you used during registration. Go to your
Sporcle Settings
to finish the process.
Report this User
Report this user for behavior that violates our
Community Guidelines
.
Details:
Send Report
Go to the Sporcle.com Mobile Site →
Comments